| 000 | 01244cab a2200337 4500 | ||
|---|---|---|---|
| 001 | ABS51088 | ||
| 008 | 090401t1994 xxu||||| |||| 00| 0 eng d | ||
| 035 | _a(Sirsi) u9244 | ||
| 041 | _aeng | ||
| 100 | _aIrvine, G. | ||
| 245 | _aPersonal liability for environmental damage | ||
| 260 | _c1994 | ||
| 350 | _a0 | ||
| 490 |
_aEnvironment Information Bulletin _v(33) July 1994, 8-14(7) |
||
| 520 | _aThere are signs that environmental enforcing authorities are becoming more willing to prosecute company directors; looks at personal liability for environmental offences. Focuses mainly on criminal law, but touches on potential civil liability for environmental damage. | ||
| 650 | _aALPHACELL LTD V WOODWARD | ||
| 650 | _aCONTROL OF POLLUTION ACT 1974 | ||
| 650 | _aENVIRONMENTAL DAMAGES | ||
| 650 | _aENVIRONMENTAL LIABILITY | ||
| 650 | _aENVIRONMENTAL PROTECTION ACT 1990 | ||
| 650 | _aLIABILITY | ||
| 650 | _aMERCHANT SHIPPING ACT 1988 | ||
| 650 | _aPERSONAL LIABILITY | ||
| 650 | _aPOLLUTION | ||
| 650 | _aSALMON AND FRESHWATER FISHERIES ACT 1975 | ||
| 650 | _aWATER RESOURCES ACT 1991 | ||
| 690 | _aENVIRONMENTAL AND LAND CONSULTANCY | ||
| 690 | _aPLANNING LAW AND PRACTICE | ||
| 942 | _n0 | ||
| 948 | _c04/03/1997 | ||
| 999 |
_c5740 _d5740 |
||